<?xml version="1.0" encoding="UTF-8"?>
<collection xmlns="http://www.loc.gov/MARC21/slim">
 <record>
  <leader>01729nam a2200217Ia 4500</leader>
  <controlfield tag="001">CTU_209578</controlfield>
  <controlfield tag="008">210402s9999    xx            000 0 und d</controlfield>
  <datafield tag="082" ind1=" " ind2=" ">
   <subfield code="a">345.0268</subfield>
  </datafield>
  <datafield tag="082" ind1=" " ind2=" ">
   <subfield code="b">Tr300</subfield>
  </datafield>
  <datafield tag="088" ind1=" " ind2=" ">
   <subfield code="a">60380107</subfield>
  </datafield>
  <datafield tag="100" ind1=" " ind2=" ">
   <subfield code="a">Tô, Minh Trí</subfield>
  </datafield>
  <datafield tag="245" ind1=" " ind2="0">
   <subfield code="a">Tình hình, nguyên nhân và giải pháp phòng chống tội sản xuất, tàng trữ, vận chuyển, buôn bán hàng cấm :</subfield>
  </datafield>
  <datafield tag="245" ind1=" " ind2="0">
   <subfield code="b">Luận văn tốt nghiệp cao học. Chuyên ngành Luật kinh tế</subfield>
  </datafield>
  <datafield tag="245" ind1=" " ind2="0">
   <subfield code="c">Tô Minh Trí ; Phạm Văn Beo (Hướng dẫn khoa học)</subfield>
  </datafield>
  <datafield tag="260" ind1=" " ind2=" ">
   <subfield code="a">Cần Thơ</subfield>
  </datafield>
  <datafield tag="260" ind1=" " ind2=" ">
   <subfield code="b">Trường Đại học Cần Thơ</subfield>
  </datafield>
  <datafield tag="260" ind1=" " ind2=" ">
   <subfield code="c">2015</subfield>
  </datafield>
  <datafield tag="520" ind1=" " ind2=" ">
   <subfield code="a">Hệ thống hóa những vấn đề lý luận, pháp lý của tội sản xuất, tàng trữ, vận chuyển, buôn bán hàng cấm và những tác động của nó đến nền kinh tế quốc gia; Phân tích, đánh giá tình hình, nguyên nhân và điều kiện của tội sản xuất, tàng trữ, vận chuyển, buôn bán hàng cấm do thương nhân thực hiện và tình hình tội phạm này trên địa bàn tỉnh Vĩnh Long; Từ đó đưa ra dự báo tình hình và đề xuất giải pháp phòng chống tội sản xuất, tàng trữ, vận chuyển, buôn bán hàng cấm do thương nhân thực hiện ở phạm vi cả nước và ở tỉnh Vĩnh Long nói riêng</subfield>
  </datafield>
  <datafield tag="650" ind1=" " ind2=" ">
   <subfield code="a">Luật hình sự,Criminal law</subfield>
  </datafield>
  <datafield tag="904" ind1=" " ind2=" ">
   <subfield code="i">Lê Thị Mỹ Linh (Nguyên)</subfield>
  </datafield>
  <datafield tag="980" ind1=" " ind2=" ">
   <subfield code="a">Trung tâm Học liệu Trường Đại học Cần Thơ</subfield>
  </datafield>
 </record>
</collection>
